Ensaye e inspección de los materiales de ingeniería
Gespeichert in:
| Hauptverfasser: | , , |
|---|---|
| Format: | Buch |
| Sprache: | Spanisch |
| Veröffentlicht: |
Ciudad de México
Continental
1966
|
| Schlagworte: | |
| Tags: |
Tag hinzufügen
Keine Tags, Fügen Sie den ersten Tag hinzu!
|
MARC
| LEADER | 00000nam a2200000 a 4500 | ||
|---|---|---|---|
| 001 | UCW2192 | ||
| 003 | CL-VaPUC | ||
| 008 | 921130e19660000MX |||||||||||||||||spa|d | ||
| 082 | 0 | 4 | |a 620.11 |b DAV |2 21 |
| 100 | 0 | |a Davis, Harmer Elmer |e author |9 306147 | |
| 700 | 0 | |a Troxell, George Earl |e author |9 306148 | |
| 700 | 0 | |a Wiskocil, Clement W |e author |9 306149 | |
| 245 | 1 | 0 | |a Ensaye e inspección de los materiales de ingeniería |
| 300 | |a 577 p | ||
| 942 | |c BK | ||
| 945 | |d 19921130 00:00:00 | ||
| 260 | |a Ciudad de México |b Continental |c 1966 | ||
| 650 | 7 | |a ENSAYO DE MATERIALES |2 CL-VaPUC |9 271898 | |
| 650 | 0 | |a Ingeniería |9 259380 | |
| 650 | 0 | |a Medición |9 263450 | |
| 583 | |a last modification |c 19921130 00:00:00 |k Rodrigo Vera | ||
| 999 | |c 216797 |d 216795 | ||